All Capitals of the World by flags - Quiz - Statistics

General Stats
  • This quiz has been taken 1,711 times
  • The average score is 147 of 196
Answer Stats
Picture Answer % Correct
New Delhi
94%
Paris
94%
Seoul
92%
London
91%
Rabat
91%
Amsterdam
90%
Stockholm
90%
Tokyo
90%
Athens
89%
Beijing
88%
Bern
88%
Brasília
88%
Helsinki
88%
Canberra
87%
Dublin
87%
Moscow
87%
Pyongyang
87%
Copenhagen
86%
Madrid
86%
Mexico City
86%
Nairobi
86%
Oslo
86%
Warsaw
86%
Washington, D.C.
86%
Bogotá
85%
Kingston
85%
Tehran
85%
Tunis
85%
Baku
84%
Bangkok
84%
Belgrade
84%
Berlin
84%
Brussels
84%
Pristina
84%
Vatican City
84%
Zagreb
84%
Bratislava
83%
Jakarta
83%
Riyadh
83%
Taipei
83%
Beirut
82%
Budapest
82%
Jerusalem
82%
Lisbon
82%
Muscat
82%
Ottawa
82%
Panama City
82%
Rome
82%
Tirana
82%
Andorra la Vella
81%
Ankara
81%
Chișinău
81%
Doha
81%
Havana
81%
Islamabad
81%
Monrovia
81%
Riga
81%
Ulaanbaatar
81%
Yerevan
81%
Kathmandu
80%
Manila
80%
Montevideo
80%
Paramaribo
80%
Port-au-Prince
80%
Sofia
80%
Vienna
80%
Wellington
80%
Bucharest
79%
Damascus
79%
Guatemala City
79%
Luxembourg
79%
Minsk
79%
Valletta
79%
Astana
78%
Bloemfontein / Cape Town / Pretoria
78%
Cairo
78%
Dhaka
78%
Kyiv
78%
Nassau
78%
Niamey
78%
Sana'a
78%
Sarajevo
78%
Singapore
78%
Tbilisi
78%
Abuja
77%
Accra
77%
Hanoi
77%
Kabul
77%
Nicosia
77%
Skopje
77%
Sri Jayawardenepura Kotte
77%
Vilnius
77%
Windhoek
77%
Bandar Seri Begawan
76%
Buenos Aires
76%
Caracas
76%
Ljubljana
76%
Luanda
76%
Monaco
76%
San José
76%
Addis Ababa
75%
Ashgabat
75%
Asunción
75%
Brazzaville
75%
Kampala
75%
Kigali
75%
Lima
75%
Malé
75%
Manama
75%
Podgorica
75%
Quito
75%
Reykjavík
75%
Santo Domingo
75%
Tashkent
75%
Vaduz
75%
Algiers
74%
Antananarivo
74%
Kuwait City
74%
Port of Spain
74%
Prague
74%
Suva
74%
Victoria
74%
Vientiane
74%
Abu Dhabi
73%
Baghdad
73%
Kinshasa
73%
Bishkek
72%
Kuala Lumpur
72%
Phnom Penh
72%
San Marino
72%
San Salvador
72%
Tripoli
72%
La Paz / Sucre
71%
Mogadishu
71%
Santiago
71%
Tallinn
71%
Thimphu
71%
Amman
70%
Belmopan
70%
Gaborone
70%
N'Djamena
70%
Asmara
69%
Bangui
69%
Georgetown
69%
Harare
69%
Roseau
69%
Lomé
68%
Port Moresby
68%
Funafuti
67%
Juba
67%
Maputo
67%
Moroni
67%
Apia
66%
Bissau
66%
Bridgetown
66%
Castries
66%
Nouakchott
66%
Tegucigalpa
66%
Yaren
66%
Dakar
65%
Djibouti
65%
Gitega
65%
Kingstown
65%
Lilongwe
65%
Naypyidaw
65%
Port Louis
65%
São Tomé
65%
Bamako
64%
Banjul
64%
Conakry
64%
St. John's
64%
Khartoum
63%
Libreville
63%
Lusaka
63%
Managua
63%
Yaoundé
63%
Dili
62%
Dodoma
62%
Dushanbe
62%
Honiara
62%
Maseru
62%
Ngerulmud
62%
Ouagadougou
62%
South Tarawa
62%
Malabo
61%
Nuku'alofa
61%
St. George's
61%
Freetown
60%
Majuro
60%
Yamoussoukro
60%
Mbabane
59%
Porto-Novo / Cotonou
59%
Port Vila
58%
Praia
58%
Palikir
56%
Basseterre
54%
No matching quizzes found
Score Distribution
Percent of People with Each Score
Percentile by Number Answered
Your Score History
You have not taken this quiz